| 000 | 01175cam a22003737a 4500 | ||
|---|---|---|---|
| 003 | CHAP | ||
| 005 | 20220817042426.0 | ||
| 008 | 971013s1994 r 00010 d | ||
| 010 | _a44303 | ||
| 011 | _a45275 | ||
| 035 | _a49414 | ||
| 040 | _cCHAP | ||
| 090 | _aFolleto 14414 | ||
| 100 | 0 | 0 |
_aAvalos Flores, Luis. _98451 |
| 245 | 1 | 3 | _aUn ejemplo de aprovechamiento del potencial para la ganadería de doble propósito |
| 260 |
_aMéxico, D.F. : _bFIRA, _c1994 |
||
| 300 | _app. 22-40 | ||
| 410 | _aFIRA | ||
| 490 | 0 |
_aBoletin informativo _v; XXVII (261) |
|
| 501 | _aEnc. con otro impreso similar | ||
| 590 |
_aBATCH-UPD _b10 _c20130110 _lUCH01 _h1112 |
||
| 590 |
_aBATCH-UPD _b10 _c20130410 _lUCH01 _h0703 |
||
| 590 |
_aBATCH-UPD _b10 _c20130914 _lUCH01 _h0426 |
||
| 590 |
_aCONVERSION _b10 _c20130109 _lUCH01 _h1324 |
||
| 650 | 4 |
_aAtún. _98265 |
|
| 650 | 1 | 4 |
_aGanado de carne. _945067 |
| 650 | 1 | 4 |
_aGanado lechero. _945237 |
| 810 |
_aFIRA _941029 |
||
| 830 | 0 |
_aBoletin informativo _v; XXVII (261) |
|
| 901 | _aBK | ||
| 942 | _cFOLL | ||
| 949 |
_aFolleto 14414 _bBC _cFOLL _d-111476 _eTS1 _i49414 _si |
||
| 949 |
_aFolleto 14414 _bBC _cFOLL _d-111478 _eTS2 _fc.2 _i49414 _si |
||
| 999 |
_c44303 _d44303 |
||